000 00300nam a22001337a 4500
008 210304b ||||| |||| 00| 0 eng d
020 _a032191225X
041 _aeng
080 _211th
_a510
100 _a36
101 _aMAT
245 _aEssentials of College Algebra
_cLial,L.M
942 _2udc
_cBK
999 _c55759
_d55759